| 000 | 00000nas##2200000za#4500 |
|---|---|
| 001 | 9.513228 |
| 003 | CaOODSP |
| 005 | 20200325130818 |
| 007 | ta |
| 008 | 150406c1992||||xxc|| m #||||f| |0fre|d |
| 040 | |aCaOODSP|bfre |
| 043 | |an-cn--- |
| 086 | 1 |aSC91-4F |
| 110 | 1 |aCanada.|bCentre canadien de gestion. |
| 245 | 13|aLa conférence John L. Manion |
| 260 | |aOttawa - Ontario : |bCentre canadien de gestion |
| 563 | |aPolycopié |
| 775 | 08|tJohn L. Manion Lecture |w(CaOODSP)9.514893 |
| 776 | 0#|tConférence John L. Manion |w(CaOODSP)9.501125 |